[Event "Mittelrhein Verbandsliga Nord 1920"]
[Site "Mittelrhein"]
[Date "2020.01.19"]
[Round "5.7"]
[White "Hermann, Gregor"]
[Black "Sejdini, Valentin"]
[Result "1-0"]
[WhiteElo "1589"]
[BlackElo "1861"]
[PlyCount "113"]
[EventDate "2019.09.29"]
[EventType "team-tourn"]
[EventRounds "9"]
[EventCountry "GER"]
[SourceTitle "EXT 2023"]
[Source "ChessBase"]
[SourceDate "2022.10.05"]
[SourceVersion "1"]
[SourceVersionDate "2022.10.05"]
[SourceQuality "1"]
[WhiteTeam "Brauweiler Rochade"]
[BlackTeam "Troisdorf"]
[WhiteTeamCountry "GER"]
[BlackTeamCountry "GER"]

1. b3 Nf6 2. Bb2 g6 3. c4 Bg7 4. Nf3 0-0 5. e3 d5 6. Qc2 Nc6 7. a3 Bf5 8. d3 Re8 9. cxd5 Nb8 10. e4 Bg4 11. Be2 c6 12. dxc6 Nxc6 13. 0-0 Rc8 14. Qd1 Bxf3 15. Bxf3 Nd4 16. Bxd4 Qxd4 17. Ra2 Rc7 18. Rc2 Rec8 19. Rc4 Qe5 20. d4 Qa5 21. Rxc7 Rxc7 22. Qd3 Nd7 23. b4 Qb6 24. e5 f6 25. Nc3 e6 26. exf6 Bxf6 27. Ne2 Qd6 28. Rd1 Nb6 29. g3 Nd5 30. Bxd5 exd5 31. Qb5 a6 32. Qe8+ Kg7 33. Nf4 Re7 34. Qc8 Bg5 35. Nd3 Rc7 36. Qb8 Qd7 37. Nc5 Rxc5 38. dxc5 d4 39. Qe5+ Bf6 40. Qe4 Kf7 41. Rd3 Kg7 42. Kf1 Qb5 43. Kg2 Kf7 44. h4 Qd7 45. Rf3 Kg7 46. Qf4 Qc6 47. Qd6 Qxd6 48. cxd6 Bd8 49. Rf4 Bb6 50. Rf3 Bd8 51. Kf1 Bf6 52. d7 Bd8 53. Ke2 Bc7 54. Kd3 Bb6 55. Rf4 Kg8 56. Rxd4 Bd8 57. Rf4 1-0

[Event "Mittelrhein Verbandsliga Nord 1920"]
[Site "Mittelrhein"]
[Date "2019.11.17"]
[Round "3.8"]
[White "Sejdini, Valentin"]
[Black "Brueggemann, Sandra"]
[Result "1-0"]
[WhiteElo "1827"]
[BlackElo "1517"]
[PlyCount "45"]
[EventDate "2019.09.29"]
[EventType "team-tourn"]
[EventRounds "9"]
[EventCountry "GER"]
[SourceTitle "EXT 2023"]
[Source "ChessBase"]
[SourceDate "2022.10.05"]
[SourceVersion "1"]
[SourceVersionDate "2022.10.05"]
[SourceQuality "1"]
[WhiteTeam "Troisdorf"]
[BlackTeam "Eikamp Freibauer"]
[WhiteTeamCountry "GER"]
[BlackTeamCountry "GER"]

1. f4 Nc6 2. Nf3 Nf6 3. e3 d5 4. Bb5 Bd7 5. b3 a6 6. Bxc6 Bxc6 7. Bb2 e6 8. 0-0 Bd6 9. d3 0-0 10. Ne5 Bxe5 11. fxe5 Nd7 12. Qg4 Nb6 13. Nd2 Qd7 14. Rf3 g6 15. Rh3 Qd8 16. Rf1 Nd7 17. Rf6 Nxf6 18. exf6 d4 19. Qh4 h5 20. e4 Kh7 21. Qg5 Rg8 22. Rxh5+ gxh5 23. Qxh5# 1-0

[Event "Mittelrhein Verbandsliga-O 16/17"]
[Site "Nordrheinwestfalen"]
[Date "2017.03.19"]
[Round "9.8"]
[White "Magg, Stefan"]
[Black "Sejdini, Valentin"]
[Result "0-1"]
[WhiteElo "1755"]
[BlackElo "1778"]
[PlyCount "68"]
[EventDate "2016.09.11"]
[EventType "team-tourn"]
[EventRounds "11"]
[EventCountry "GER"]
[SourceTitle "EXT 2022"]
[Source "ChessBase"]
[SourceDate "2021.10.06"]
[SourceVersion "1"]
[SourceVersionDate "2021.10.06"]
[SourceQuality "1"]
[WhiteTeam "Porz SG IV"]
[BlackTeam "Troisdorf"]
[WhiteTeamCountry "GER"]
[BlackTeamCountry "GER"]

1. e4 e5 2. Nf3 Nc6 3. d4 exd4 4. Nxd4 Bc5 5. Nb3 Bb6 6. Bd3 d6 7. 0-0 Be6 8. Nc3 Nge7 9. Bg5 f6 10. Bh4 h5 11. Bg3 g5 12. h4 Qd7 13. Qd2 0-0-0 14. Na4 Ng6 15. Nxb6+ axb6 16. hxg5 fxg5 17. Bb5 h4 18. Bh2 g4 19. g3 hxg3 20. fxg3 Nge5 21. Nd4 Bc4 22. Bxc6 bxc6 23. Rf4 c5 24. Nf5 Nf3+ 25. Rxf3 gxf3 26. a4 Be2 27. a5 Qh7 28. Nh4 Qxe4 29. axb6 cxb6 30. Ra7 Rd7 31. Rxd7 Kxd7 32. Qg5 Ra8 33. Qg7+ Kc6 34. b3 Qe3+ 0-1

[Event "Troisdorf op"]
[Site "Troisdorf"]
[Date "2014.12.02"]
[Round "7"]
[White "Sejdini, Valentin"]
[Black "Margenberg, Volker"]
[Result "1/2-1/2"]
[WhiteElo "1876"]
[BlackElo "1912"]
[PlyCount "58"]
[EventDate "2014.10.21"]
[EventType "swiss"]
[EventRounds "7"]
[EventCountry "GER"]
[SourceTitle "EXT 2016"]
[Source "ChessBase"]
[SourceDate "2015.10.08"]
[SourceVersion "1"]
[SourceVersionDate "2015.10.08"]
[SourceQuality "1"]

1. f4 d5 2. Nf3 Nf6 3. e3 Nc6 4. Bb5 Bd7 5. d3 e6 6. 0-0 Bd6 7. Nc3 Qe7 8. Bd2 0-0-0 9. Ne2 e5 10. Bxc6 Bxc6 11. Nxe5 Bxe5 12. fxe5 Qxe5 13. Nd4 Bd7 14. Rf4 h6 15. Nf3 Qd6 16. Bc3 Rde8 17. Qd2 Rhg8 18. Re1 c5 19. b4 cxb4 20. Bxb4 Qb6 21. Qc3+ Qc7 22. Qa3 Re6 23. Qxa7 Ra6 24. Qc5 Qxc5 25. Bxc5 Rxa2 26. Nd4 Kc7 27. Rb1 Re8 28. h3 Rea8 29. Rff1 R8a6 1/2-1/2

[Event "Troisdorf op"]
[Site "Troisdorf"]
[Date "2013.11.26"]
[Round "6"]
[White "Sejdini, Valentin"]
[Black "Kinnert, Dieter"]
[Result "1-0"]
[WhiteElo "1836"]
[BlackElo "1727"]
[PlyCount "73"]
[EventDate "2013.10.22"]
[EventType "swiss"]
[EventRounds "7"]
[EventCountry "GER"]
[SourceTitle "EXT 2016"]
[Source "ChessBase"]
[SourceDate "2015.10.08"]
[SourceVersion "1"]
[SourceVersionDate "2015.10.08"]
[SourceQuality "1"]

1. f4 e5 2. fxe5 d6 3. exd6 Bxd6 4. Nf3 g5 5. g3 g4 6. Nh4 c5 7. e4 Qc7 8. Bb5+ Nc6 9. Rg1 Nge7 10. d3 Bd7 11. Bg5 0-0-0 12. Nc3 h6 13. Bf6 Rh7 14. Qd2 Re8 15. 0-0-0 Ng8 16. Nd5 Qb8 17. Bc3 Nce7 18. Bxd7+ Kxd7 19. Ne3 h5 20. Nef5 Nxf5 21. Nxf5 Ne7 22. Qf2 Ng6 23. Ng7 Rf8 24. Qf5+ Kc7 25. e5 Be7 26. Nxh5 Qc8 27. Qxc8+ Kxc8 28. Nf6 Bxf6 29. exf6 Rxh2 30. Rde1 Rh1 31. Rxh1 Kd7 32. d4 c4 33. d5 b5 34. Bb4 a5 35. Bc5 b4 36. c3 Kd8 37. Bb6+ 1-0

[Event "Troisdorf op"]
[Site "Troisdorf"]
[Date "2013.11.19"]
[Round "5"]
[White "Hahn, Juergen"]
[Black "Sejdini, Valentin"]
[Result "1/2-1/2"]
[WhiteElo "1659"]
[BlackElo "1836"]
[PlyCount "75"]
[EventDate "2013.10.22"]
[EventType "swiss"]
[EventRounds "7"]
[EventCountry "GER"]
[SourceTitle "EXT 2016"]
[Source "ChessBase"]
[SourceDate "2015.10.08"]
[SourceVersion "1"]
[SourceVersionDate "2015.10.08"]
[SourceQuality "1"]

1. c4 e5 2. d3 Bc5 3. Nf3 d6 4. g3 f5 5. Bg2 Nf6 6. a3 a5 7. Nc3 c6 8. 0-0 0-0 9. Qc2 Nh5 10. Bd2 f4 11. Ne4 Bb6 12. c5 dxc5 13. Nxc5 Na6 14. b4 Qe7 15. Rfc1 Bf5 16. Qb2 Nxc5 17. bxc5 Bxc5 18. Qxe5 Qxe5 19. Nxe5 Bd4 20. gxf4 Bxa1 21. Rxa1 Be6 22. e3 a4 23. Rb1 Bb3 24. Rc1 Rad8 25. Bb4 Nxf4 26. exf4 Rxf4 27. Be4 Re8 28. Bc3 Rd8 29. f3 Bd5 30. Rb1 Bb3 31. Kf2 Rh4 32. Kg1 Rh6 33. Rb2 b5 34. Rg2 Rc8 35. Nd7 g6 36. Nf6+ Kf7 37. Ng4 Rh5 38. Nf6 1/2-1/2

[Event "Troisdorf op"]
[Site "Troisdorf"]
[Date "2012.10.28"]
[Round "2"]
[White "Guelsen, Taylan"]
[Black "Sejdini, Valentin"]
[Result "1-0"]
[WhiteElo "2021"]
[BlackElo "1810"]
[PlyCount "71"]
[EventDate "2012.10.23"]
[EventType "swiss"]
[EventRounds "7"]
[EventCountry "GER"]
[SourceTitle "EXT 2014"]
[Source "ChessBase"]
[SourceDate "2013.11.20"]
[SourceVersion "1"]
[SourceVersionDate "2013.11.20"]
[SourceQuality "1"]

1. d4 Nf6 2. c4 d6 3. Nc3 g6 4. e4 Bg7 5. f4 a5 6. Nf3 Nbd7 7. e5 dxe5 8. fxe5 Ng4 9. h3 Nh6 10. Bf4 Nb6 11. Qd2 Ng8 12. Be2 h5 13. 0-0 Nh6 14. d5 e6 15. Rad1 Nf5 16. Ne4 Qe7 17. d6 cxd6 18. exd6 Qd7 19. Ne5 Qd8 20. c5 Nd5 21. Bb5+ Kf8 22. Bg5 f6 23. Nxg6+ Kg8 24. Rxf5 fxg5 25. Rxd5 exd5 26. Qxd5+ Kh7 27. Nxh8 Kxh8 28. Nxg5 Qf6 29. Nf7+ Kg8 30. d7 Bxd7 31. Bxd7 Rf8 32. Be6 Qxb2 33. Qxh5 Bd4+ 34. Kh1 Qf2 35. Qg6+ Bg7 36. Ng5+ 1-0

[Event "Troisdorf op "]
[Site "Troisdorf"]
[Date "2010.12.07"]
[Round "7"]
[White "Sejdini, Valentin"]
[Black "Trube, Dieter"]
[Result "1-0"]
[WhiteElo "1763"]
[BlackElo "1599"]
[PlyCount "81"]
[EventDate "2010.10.26"]
[EventType "swiss"]
[EventRounds "7"]
[EventCountry "GER"]
[SourceTitle "EXT 2013"]
[Source "ChessBase"]
[SourceDate "2012.11.22"]
[SourceVersion "1"]
[SourceVersionDate "2012.11.22"]
[SourceQuality "1"]

1. Nc3 Nf6 2. e4 e5 3. f4 d6 4. Nf3 Nc6 5. Bc4 Be7 6. 0-0 0-0 7. d4 exd4 8. Nxd4 Nxd4 9. Qxd4 c5 10. Qd3 a6 11. a4 Be6 12. Nd5 Nxd5 13. exd5 Bd7 14. f5 g6 15. Bh6 Re8 16. Qg3 Bf8 17. Bxf8 Rxf8 18. f6 Kh8 19. Bd3 b5 20. Qxd6 c4 21. Be4 Re8 22. Qf4 Qb6+ 23. Kh1 Qd4 24. Qh6 Rg8 25. Rae1 Rae8 26. c3 Qc5 27. Rf4 Qf8 28. Qg5 h6 29. Rh4 Kh7 30. Qd2 Bf5 31. Bxf5 Rxe1+ 32. Qxe1 gxf5 33. Qe7 Kg6 34. g4 Kg5 35. Rh5+ Kxg4 36. Qe2+ Kf4 37. Qf2+ Ke5 38. Rxf5+ Kd6 39. Qb6+ Kd7 40. Qc6+ Kd8 41. d6 1-0

[Event "Troisdorf op"]
[Site "Troisdorf"]
[Date "2009.11.24"]
[Round "5"]
[White "Sejdini, Valentin"]
[Black "Gutt, Oswald"]
[Result "0-1"]
[WhiteElo "1796"]
[BlackElo "1960"]
[PlyCount "86"]
[EventDate "2009.10.27"]
[EventType "swiss"]
[EventRounds "7"]
[EventCountry "GER"]
[SourceTitle "EXT 2011"]
[Source "ChessBase"]
[SourceDate "2010.11.26"]
[SourceVersion "1"]
[SourceVersionDate "2010.11.26"]
[SourceQuality "1"]

1. e4 e6 2. d4 d5 3. e5 c5 4. c3 Nc6 5. Nf3 Bd7 6. Be2 Qb6 7. 0-0 f6 8. b3 Rc8 9. Re1 cxd4 10. cxd4 fxe5 11. dxe5 Bc5 12. Rf1 Nd4 13. Bb2 Nxe2+ 14. Qxe2 Bb5 15. Qd2 Bxf1 16. Kxf1 Ne7 17. Nc3 0-0 18. Na4 Qb5+ 19. Kg1 Bb4 20. Qd4 Nc6 21. Qg4 Rce8 22. Ng5 Nd8 23. Rc1 Bd2 24. Rc7 Bxg5 25. Qxg5 Nf7 26. Qg4 Qa5 27. Rc1 Nh6 28. Qe2 Rc8 29. h3 Rc6 30. g4 Rfc8 31. Rxc6 Rxc6 32. Qe3 b5 33. Bc3 Qc7 34. Nc5 Rxc5 35. Ba5 Qc8 36. Bb4 Rc2 37. Qxa7 Nf7 38. f4 Rc1+ 39. Kg2 g5 40. fxg5 Nxg5 41. Qe7 Ne4 42. g5 Qc2+ 43. Kf3 Qf2+ 0-1

[Event "Troisdorf op"]
[Site "Troisdorf"]
[Date "1998.11.24"]
[Round "6"]
[White "Sejdini, Valentin"]
[Black "Schrade, Achim"]
[Result "0-1"]
[WhiteElo "1813"]
[BlackElo "1653"]
[PlyCount "116"]
[EventDate "1998.10.20"]
[EventType "swiss"]
[EventRounds "7"]
[EventCountry "GER"]
[SourceTitle "EXT 2002"]
[Source "ChessBase"]
[SourceDate "2001.11.25"]
[SourceVersion "1"]
[SourceVersionDate "2001.11.25"]
[SourceQuality "1"]

1. Nf3 f5 2. d4 g6 3. c4 Nf6 4. Nc3 Bg7 5. Qc2 d6 6. e4 fxe4 7. Nxe4 0-0 8. Bd3 Nc6 9. Qb3 Nxe4 10. Bxe4 Nxd4 11. Nxd4 Bxd4 12. 0-0 c6 13. h4 Qb6 14. c5+ Qxb3 15. axb3 Bxc5 16. Bh6 Rf7 17. Rae1 e5 18. Rd1 Bf5 19. Bxf5 Rxf5 20. g4 Rf7 21. Kg2 Re8 22. f3 d5 23. Rfe1 Bf8 24. Be3 a6 25. Bb6 Bg7 26. Rd2 Rfe7 27. Bc5 Re6 28. Kg3 Bf8 29. b4 Kf7 30. Re3 Bxc5 31. bxc5 e4 32. f4 h6 33. Rd4 R6e7 34. b3 h5 35. g5 Ke6 36. Rd1 Rf8 37. Rd2 Ref7 38. Rf2 Kd7 39. b4 Kc7 40. Rf1 b6 41. Ra3 Kb7 42. Rfa1 Rxf4 43. Rxa6 Rf3+ 44. Kg2 Rf2+ 45. Kg1 Rf1+ 46. Kg2 Rxa1 47. Rxa1 e3 48. Ra2 d4 49. Re2 bxc5 50. bxc5 Kc7 51. Re1 Kb7 52. Rb1+ Kc7 53. Re1 Rf5 54. Re2 Rxc5 55. Kf3 Rf5+ 56. Ke4 c5 57. Kd3 Kc6 58. Kc4 Rf2 0-1